000 00601nam a2200241Ia 4500
003 0100
008 130307s9999 xx 000 0 und d
020 _a0582096308
040 _cARRUPELIB
050 _aBX1386.C58 1998
100 _aCoppa, Frank J
245 4 _aThe modern papacy since 1789
260 _aLondon and New York
260 _bLongman
260 _c1998
300 _aviii
300 _b296p. 23cm.
440 _aLongman history of the papacy
650 _aCHURCH HISTORY
650 _bPastoral theology-History
650 _cPastoral psychology-History
942 0 0 _02
999 _c101963
_d101963